Największe Rezerwy Ropy - Państwa - Statystyki

Ogólne statystyki
  • Ten quiz został rozwiązany 586 razy
  • Średni wynik to 13 z 20
Statystyki odpowiedzi
Mln. Beczek Państwo % Poprawnych
47,053 Stany Zjednoczone
99%
80,000 Rosja
98%
267,026 Arabia Saudyjska
95%
26,154 Chiny
92%
155,600 Iran
87%
145,019 Irak
86%
167,896 Kanada
86%
97,800 Zjednoczone Emiraty Arabskie
83%
13,239 Brazylia
79%
25,244 Katar
77%
302,809 Wenezuela
66%
101,500 Kuwejt
65%
8,219 Norwegia
59%
30,000 Kazachstan
51%
8,160 Algieria
43%
48,363 Libia
43%
36,972 Nigeria
41%
7,000 Azerbejdżan
27%
8,273 Ekwador
22%
8,273 Angola
20%
Nie znaleziono quizów pasujących do podanych kryteriów
Rozkład punktacji
Procent ludzi z każdym wynikiem
Percentyl według liczby udzielonych odpowiedzi
Twoja historia wyników
Nie rozwiązałeś tego quizu